Language Quiz

Random Language Quiz

Looping Word Chain III Quiz Stats

 Plays Quiz not verified by Sporcle

Challenge
Share
Tweet
Embed
Score 0/18 Timer 01:00
0 Plays Today
% Correct
desert-like
99.9%
0~O~0~O~0~O~0~O~0~O~0~O~0
99.9%
0~O~0~O~0~O~0~O~0~O~0~O~0
99.9%
scorch
99.9%
skin irritation
99.9%
concept
99.9%
leave out
99.9%
apiece
99.9%
shoot the breeze
99.9%
% Correct
elementary particle
99.9%
IDEA
88.9%
EACH
84.5%
ARID
82%
ATOM
81.4%
OMIT
79.4%
CHAT
78.4%
ITCH
78.3%
CHAR
75.5%

You're not logged in!

Compare scores with friends on all Sporcle quizzes.
Join for Free
OR
Log In

You Might Also Like...

Show Comments

Extras

Top Quizzes Today


Score Distribution

Your Account Isn't Verified!

In order to create a playlist on Sporcle, you need to verify the email address you used during registration. Go to your Sporcle Settings to finish the process.

Report this User

Report this user for behavior that violates our Community Guidelines.

Details: